Аниме по аннотациям - Statistics

General Stats
  • This quiz has been taken 47 times
  • The average score is 10 of 20
Answer Stats
Аннотация Аниме % Correct
У школьника появляется мистическая тетрадь, в которую можно записывать фамилии людей, которых видел её владелец, и тем самым убивать их Тетрадь смерти
100%
Подростки сражаются в битвах с гигантами Атака титанов
91%
Молодой повеса имеет на груди шнур, оттягивая который может становиться жутким монстром с механическими лезвиями на руках и голове Человек-бензопила
86%
На Землю начали просачиваться странные гигантские сущности, которых пытаются остановить с помощью гигантских пилотируемых подростками антропоморфных роботов Евангелион
77%
Два противоборствующих боевых клана природных стихий схлестнулись в вечной схватке, конец которой положить суждено лысому мальчику со стрелкой на лбу Аватар
73%
Лысый супергерой в жёлтом может сокрушать своих врагов одним ударом One Punch Man
73%
Парень и девушка, живущие в разных концах Японии, попеременно просыпаются в телах друг друга Твоё имя
66%
История двух братьев из средних веков, одного из которых едва не убили ещё будучи ребёнком, а второй заточил его душу в железного боевого робота, управляемого магией Стальной алхимик
61%
Главный герой возглавляет морское судно и поедает фрукты для усмирения необычных диких зверей One Piece
59%
Немая девочка приходит в обычный класс начальной школы и становится объектом травли, но со временем изгоем школы стал один из травивших её бывших одноклассников Форма голоса
55%
Главный герой с подросткового возраста тренируется, чтобы стать магистром боевого полумагического искусства по стопам своего кумира и учителя, старше его на несколько лет Наруто
41%
Старшие ученицы организуют свою поп-рок-группу в стенах родной для них школы K-On!
39%
По средневековой Европе на своей повозке странствуют купец и его партнёр, девушка-оборотень Волчица и пряности
34%
Элитный отряд средневековых наёмников воюет за честь короля, но его красавец-лидер становится на сторону тёмного зла, а его правая рука, боец, обладающий невероятной физической и моральной силой, отныне противостоит ему Берсерк
27%
Военный лётчик-ас стал внешне похожим на свинью,очерствев от ужасов войны Порко Россо
25%
Молодая мама с маленьким сыном приезжают на побережье и встречают необычную красноволосую девочку, желающую предупредить через них местных жителей о надвигающейся опасности наводнения Рыбка Поньо на утёсе
18%
У школьницы серьёзные проблемы с социализацией, но она не видит в том особой для себя проблемы Не моя вина, что я не популярна
16%
Главный герой - девушка-агент, способная проникать в сновидения других людей Паприка
14%
Экзальтированная заводила организовала школьный клуб, куда помимо неё входят её негласный парень и трое тайных агентов, играющих роль обычных подростков Харухи Судзумия
11%
Старшая школьница научилась в буквальном смысле прыгать в прошлое Девочка, покорившая время
7%
No matching quizzes found
Score Distribution
Percent of People with Each Score
Percentile by Number Answered
Your Score History
You have not taken this quiz